Normal view
MARC view
Entry Término temático
001 - NÚMERO DE CONTROL
- campo de control: 151217
003 - IDENTIFICADOR DEL NÚMERO DE CONTROL
- campo de control: OSt
005 - FECHA Y HORA DE LA ÚLTIMA TRANSACCIÓN
- campo de control: 20220127160315.0
008 - DATOS DE LONGITUD FIJA
- campo de control de longitud fija: 220127|| aca||aabn | a|a d
040 ## - FUENTE DE LA CATALOGACIÓN
- Centro catalogador/agencia de origen: OSt
- Centro/agencia transcriptor: OSt
150 ## - ENCABEZAMIENTO--TÉRMINO DE MATERIA
- Término de materia o nombre geográfico como elemento de entrada: Malting barley
670 ## - FUENTE DE DATOS ENCONTRADOS
- Cita de la fuente: Work cat.: (OSt)172193: Tejada Fernández, Carlos Eduardo 151212, Evaluación de la capacidad de malteo de tres variedades de cebada (Hordeum vulgare L.) producidas en el estado de México, México, para su potencial uso en la cervecería artesanal /, 2016
